The 67 Quiz - Statistics

General Stats
  • This quiz has been taken 33 times
  • The average score is 3 of 10
Answer Stats
Hint Answer % Correct
67 is this type of number Prime
68%
Which year did the 67 meme peak? 2025
57%
Term that haters call this meme, alongside other memes such as Skibidi Toilet Brainrot
57%
Why was 6 afraid of 7 Because 7 ate 9
29%
Basketball Player who is 6 foot 7" LaMelo Ball
29%
Square of 67 4489
25%
Song that started the 67 meme Doot Doot (67)
25%
Person who screamed 67 at a basketball game 67 Kid
21%
Rapper who made that song Skrilla
21%
His real name Maverick Trevillian
11%
No matching quizzes found
Score Distribution
Percent of People with Each Score
Percentile by Number Answered
Your Score History
You have not taken this quiz